00288 a2200109 4500001000700000020000600007040001100013100003800024240005600062245005100118362000900169170161 a  cMagnum aFormosinho, Julia Oliveira (Org.)10aModelos curriculares para educacao na infancialpor10aModelos curriculares para educacao na infancia0 a1899